书目信息 |
| 题名: |
乙型肝炎防治30法
|
|
| 作者: | 尹国有 主编 | |
| 分册: | ||
| 出版信息: | 北京 金盾出版社 2002 |
|
| 页数: | 289页 | |
| 开本: | 19cm | |
| 丛书名: | ||
| 单 册: | ||
| 中图分类: | R512.6 | |
| 科图分类: | ||
| 主题词: | 乙型肝炎--防治 | |
| 电子资源: | ||
| ISBN: | 7-5082-2014-5 | |
| 000 | 00761nam0 2200217 450 | |
| 001 | 2340982458 | |
| 005 | 20231223112325.60 | |
| 010 | @a7-5082-2014-5@dCNY 15.00 | |
| 100 | @a20021105d2002 em y0chiy0110 ea | |
| 101 | 0 | @achi |
| 102 | @aCN@b110000 | |
| 105 | @ay z 000yy | |
| 200 | 1 | @a乙型肝炎防治30法@Ayi xing gan yan fang zhi 30 fa@b专著@f尹国有主编 |
| 210 | @a北京@c金盾出版社@d2002 | |
| 215 | @a289页@d19cm | |
| 330 | @a本书简要介绍了乙型肝炎的基础知识,重点阐述了乙型肝炎的防治方法,包括乙型肝炎的消毒、隔离、预防免疫、病毒疗法、以及肝炎患者的饮食、起居、情志、运动等自我治疗与护理的30种方法。 | |
| 606 | 0 | @a乙型肝炎@x防治 |
| 690 | @aR512.6@v5 | |
| 701 | 0 | @a尹国有@Ayin guo you@4主编 |
| 801 | 2 | @aCN@b辽宁北配@c20231205 |
| 905 | @aBZT@dR512.6@e16 | |
| 乙型肝炎防治30法/尹国有主编.-北京:金盾出版社,2002 |
| 289页;19cm |
| ISBN 7-5082-2014-5:CNY 15.00 |
| 本书简要介绍了乙型肝炎的基础知识,重点阐述了乙型肝炎的防治方法,包括乙型肝炎的消毒、隔离、预防免疫、病毒疗法、以及肝炎患者的饮食、起居、情志、运动等自我治疗与护理的30种方法。 |
| ● |
| 相关链接 |
|
|
|
正题名:乙型肝炎防治30法
索取号:R512.6/16
 
预约/预借
| 序号 | 登录号 | 条形码 | 馆藏地/架位号 | 状态 | 备注 |
| 1 | 2001485411 | 2001485411 | 辽三/辽宁北配(第三批)/3715/ [索取号:R512.6/16] | 在馆 | |
| 2 | 2001485412 | 2001485412 | 辽三/辽宁北配(第三批)/3715/ [索取号:R512.6/16] | 在馆 | |
| 3 | 2001485413 | 2001485413 | 辽三/辽宁北配(第三批)/3715/ [索取号:R512.6/16] | 在馆 | |
| 4 | 2001485414 | 2001485414 | 辽三/辽宁北配(第三批)/3715/ [索取号:R512.6/16] | 在馆 | |
| 5 | 2001485415 | 2001485415 | 辽三/辽宁北配(第三批)/3715/ [索取号:R512.6/16] | 在馆 | |
| 6 | 2001485416 | 2001485416 | 辽三/辽宁北配(第三批)/3715/ [索取号:R512.6/16] | 在馆 | |
| 7 | 2001485417 | 2001485417 | 辽三/辽宁北配(第三批)/3715/ [索取号:R512.6/16] | 在馆 | |
| 8 | 2001485418 | 2001485418 | 辽三/辽宁北配(第三批)/3716/ [索取号:R512.6/16] | 在馆 | |
| 9 | 2001485419 | 2001485419 | 辽三/辽宁北配(第三批)/3716/ [索取号:R512.6/16] | 在馆 | |
| 10 | 2001485420 | 2001485420 | 辽三/辽宁北配(第三批)/3716/ [索取号:R512.6/16] | 在馆 | |
| 11 | 2001485421 | 2001485421 | 辽三/辽宁北配(第三批)/3716/ [索取号:R512.6/16] | 在馆 | |
| 12 | 2001485422 | 2001485422 | 辽三/辽宁北配(第三批)/3716/ [索取号:R512.6/16] | 在馆 | |
| 13 | 2001485423 | 2001485423 | 辽三/辽宁北配(第三批)/3716/ [索取号:R512.6/16] | 在馆 | |
| 14 | 2001485424 | 2001485424 | 辽三/辽宁北配(第三批)/3716/ [索取号:R512.6/16] | 在馆 | |
| 15 | 2001485425 | 2001485425 | 辽三/辽宁北配(第三批)/3716/ [索取号:R512.6/16] | 在馆 | |
| 16 | 2001485426 | 2001485426 | 辽三/辽宁北配(第三批)/3716/ [索取号:R512.6/16] | 在馆 | |
| 17 | 2001485427 | 2001485427 | 辽三/辽宁北配(第三批)/3716/ [索取号:R512.6/16] | 在馆 | |
| 18 | 2001485428 | 2001485428 | 辽三/辽宁北配(第三批)/3716/ [索取号:R512.6/16] | 在馆 | |
| 19 | 2001485429 | 2001485429 | 辽三/辽宁北配(第三批)/3716/ [索取号:R512.6/16] | 在馆 | |
| 20 | 2001485430 | 2001485430 | 辽三/辽宁北配(第三批)/3716/ [索取号:R512.6/16] | 在馆 | |
| 21 | 2001485431 | 2001485431 | 辽三/辽宁北配(第三批)/3716/ [索取号:R512.6/16] | 在馆 | |
| 22 | 2001485432 | 2001485432 | 辽三/辽宁北配(第三批)/3716/ [索取号:R512.6/16] | 在馆 | |
| 23 | 2001485433 | 2001485433 | 辽三/辽宁北配(第三批)/3716/ [索取号:R512.6/16] | 在馆 | |
| 24 | 2001485434 | 2001485434 | 辽三/辽宁北配(第三批)/3716/ [索取号:R512.6/16] | 在馆 | |
| 25 | 2001485435 | 2001485435 | 辽三/辽宁北配(第三批)/3716/ [索取号:R512.6/16] | 在馆 | |
| 26 | 2001485436 | 2001485436 | 辽三/辽宁北配(第三批)/3716/ [索取号:R512.6/16] | 在馆 | |
| 27 | 2001485437 | 2001485437 | 辽三/辽宁北配(第三批)/3716/ [索取号:R512.6/16] | 在馆 | |
| 28 | 2001485438 | 2001485438 | 辽三/辽宁北配(第三批)/3716/ [索取号:R512.6/16] | 在馆 | |
| 29 | 2001485439 | 2001485439 | 辽三/辽宁北配(第三批)/3716/ [索取号:R512.6/16] | 在馆 | |
| 30 | 2001485440 | 2001485440 | 辽三/辽宁北配(第三批)/3716/ [索取号:R512.6/16] | 在馆 |